000 00250nam a2200097Ia 4500
001 1151611
005 20250827011051.0
008 250824s9999 xx 000 0 und d
245 0 _aGÜNEŞTE BİR GECE
_cCAHİT ZARİFOĞLU
260 _bKETEBE YAYINLARI
999 _c1151611
_d1151611